Solve the Secret Country #4 - Statistics

General Stats
  • This quiz has been taken 24,566 times
  • The average score is 17 of 27
Answer Stats
Hint Answer % Correct
ACDH Chad
99%
AILM Mali
98%
ABGNO Gabon
92%
AELNP Nepal
89%
AADGNU Uganda
89%
ABILY Libya
88%
EGINR Niger
88%
AILTY Italy
85%
ACMNOO Monaco
81%
AIKTUW Kuwait
79%
AIRSSU Russia
77%
ALTUUV Tuvalu
77%
AAACIJM Jamaica
76%
AABGILRU Bulgaria
71%
AABCDIMO Cambodia
51%
AGRUUUY Uruguay
50%
ACDEORU Ecuador
49%
ACEMNOOR Cameroon
37%
AEEELNUVZ Venezuela
37%
BEGLMORUUX Luxembourg
36%
ADEILMSV Maldives
36%
AAIRSTU Austria
35%
AAAFGHINNST Afghanistan
33%
CEEEHLLSSY Seychelles
32%
AACIORT Croatia
30%
Secret Country ETHIOPIA
28%
ADEILNR Ireland
27%
No matching quizzes found
Score Distribution
Percent of People with Each Score
Percentile by Number Answered
Your Score History
You have not taken this quiz